Truyện ngụ ngôn Việt Nam và thế giới

में बचाया:
ग्रंथसूची विवरण
मुख्य लेखक: Phạm Minh Hạnh
स्वरूप: पुस्तक
भाषा:Undetermined
प्रकाशित: Hà Nội KHXH 1993
विषय:
टैग : टैग जोड़ें
कोई टैग नहीं, इस रिकॉर्ड को टैग करने वाले पहले व्यक्ति बनें!
Thư viện lưu trữ: Trung tâm Học liệu Trường Đại học Cần Thơ
LEADER 00502nam a2200169Ia 4500
001 CTU_6244
008 210402s9999 xx 000 0 und d
082 |a 398.2 
082 |b H107 
100 |a Phạm Minh Hạnh 
245 0 |a Truyện ngụ ngôn Việt Nam và thế giới 
245 0 |c Phạm Minh Hạnh 
260 |a Hà Nội 
260 |b KHXH 
260 |c 1993 
650 |a folk literature,folk literature, vietnamese 
980 |a Trung tâm Học liệu Trường Đại học Cần Thơ